000 00297nam a22001337a 4500
008 170127b xxu||||| |||| 00| 0 eng d
020 _a2801416029337
041 _aeng
080 _27TH
_a61
100 _a3
101 _aSHM
245 _aCECIL ESSENTIALS OF MEDICINE
_cANDREOLI
942 _2udc
_cBK
999 _c3856
_d3856